000 00691nam a2200289Ia 4500
005 20260324115802.0
008 008 260324s9999 xx 000 0 eng d
020 _a9781315371290
037 _aEBOOK
040 _aCRL
040 _beng
040 _cCRL
041 _2eng
041 _aeng
084 _qCRL
100 _aFeng Hao; Peter Y. A. Ryan
_91156002
245 0 _aReal-World Electronic Voting
245 0 _bDesign, Analysis and Deployment
260 _bTaylor and Francis
260 _c2016
365 _a
365 _b240
856 _uhttp://www.taylorfrancis.com/books/9781315371290
942 _cEBOOK
999 _c1747124
_d1747124